书目信息 |
| 题名: |
螳螂拳
|
|
| 作者: | 程娜 主编 | |
| 分册: | ||
| 出版信息: | 长春 吉林出版集团有限责任公司 2010.01 |
|
| 页数: | 122页 | |
| 开本: | 21cm | |
| 丛书名: | ||
| 单 册: | ||
| 中图分类: | G852.6 , G852.18 | |
| 科图分类: | ||
| 主题词: | 螳螂拳--yi jin jing ( gu dai ti yu )--基本知识 , 武术 , 民族形式体育 , 八段锦--ba duan jin--基本知识 | |
| 电子资源: | ||
| ISBN: | 978-7-5463-1467-9 | |
| 000 | 00842nam 2200277 450 | |
| 001 | CAL 012010194826 | |
| 005 | 20111231155702.98 | |
| 010 | @a978-7-5463-1467-9@dCNY8.00 | |
| 100 | @a20100701d2010 em y0chiy50 ea | |
| 101 | 0 | @achi |
| 102 | @aCN@b220000 | |
| 105 | @aa z 000yy | |
| 200 | 1 | @a螳螂拳@Atang lang quan@f程娜主编@Fcheng na zhu bian |
| 210 | @a长春@c吉林出版集团有限责任公司@d2010.01 | |
| 215 | @a122页@c图@d21cm | |
| 300 | @a全民健身项目指导用书 | |
| 330 | @a本书介绍了运动保健、基本技术、套路练习,基本规则。 | |
| 606 | 0 | @a螳螂拳@Ayi jin jing ( gu dai ti yu )@x基本知识 |
| 606 | 0 | @a武术 |
| 606 | 0 | @a民族形式体育 |
| 606 | 0 | @a八段锦@Aba duan jin@x基本知识 |
| 690 | @aG852.6@v4 | |
| 690 | @aG852.18@v4 | |
| 701 | 0 | @a程娜@Acheng na@4主编 |
| 801 | 0 | @aCN@bZZRC@c20111231 |
| 905 | @a241720@dG852.18@eC750@f3 | |
| 螳螂拳/程娜主编.-长春:吉林出版集团有限责任公司,2010.01 |
| 122页:图;21cm |
| 全民健身项目指导用书 |
| ISBN 978-7-5463-1467-9:CNY8.00 |
| 本书介绍了运动保健、基本技术、套路练习,基本规则。 |
| ● |
| 相关链接 |
|
|
|
正题名:螳螂拳
索取号:G852.18/C750
 
预约/预借
| 序号 | 登录号 | 条形码 | 馆藏地/架位号 | 状态 | 备注 |
| 1 | 1192941 | 211929412 | 社科库409/422社科库 50排5列1层/ [索取号:G852.18/C750] | 在馆 | |
| 2 | 1192942 | 211929421 | 社科库409/422社科库 50排5列1层/ [索取号:G852.18/C750] | 在馆 | |
| 3 | 1192943 | 211929430 | 社科库409/422社科库 50排5列1层/ [索取号:G852.18/C750] | 在馆 |